| 000 | 00640nam a22001937a 4500 | ||
|---|---|---|---|
| 003 | BUBTL | ||
| 008 | 191117b xxu||||| |||| 00| 0 eng d | ||
| 020 | _a978-984-404-357-2 | ||
| 082 | _a891.443 / RAH | ||
| 100 |
_91686 _aরায়হান,জহির |
||
| 245 |
_aহাজার বছর ধরে / _cজহির রায়হান |
||
| 250 | _a1st ed. | ||
| 260 |
_aঢাকা : _bঅনুপম প্রকাশনী, _cc1998 |
||
| 300 |
_a64 p. : _c22 cm. |
||
| 650 | 0 |
_91689 _aবাংলা সাহিত্য |
|
| 856 |
_k0 _l0 _yDownload |
||
| 942 |
_2ddc _cBK |
||
| 999 |
_c6160 _d6160 |
||